Loading...
Science - Chemistry | 2 | 1 | 1 | 1 | 35 | 58 | 82.00 | 1 | 2 |
History - American History | 1 | 1 | 0 | 0 | 25 | 28 | 59.50 | 1 | 2 |
History - European History | 0 | 2 | 0 | 0 | 20 | 66 | 70.00 | 0 | 2 |
Science - Biology | 1 | 1 | 1 | 0 | 20 | 54 | 68.50 | 0 | 2 |
Geography | 0 | 2 | 0 | 0 | 20 | 85 | 85.00 | 2 | 2 |
Science - Physics | 0 | 2 | 1 | 0 | 15 | 76 | 101.00 | 0 | 2 |
History - World History | 0 | 2 | 1 | 0 | 15 | 86 | 90.00 | 1 | 2 |
Beliefs | 0 | 1 | 0 | 1 | 10 | 123 | 123.00 | 0 | 0 |
Fine Arts - Other Arts | 0 | 1 | 0 | 1 | 10 | 113 | 113.00 | 1 | 1 |
Philosophy | 0 | 1 | 0 | 0 | 10 | 127 | 127.00 | 0 | 1 |
Current Events | 0 | 1 | 0 | 0 | 10 | 68 | 68.00 | 1 | 1 |
Social Science | 0 | 1 | 1 | 1 | 5 | 131 | 131.00 | 0 | 1 |
Auditory Arts | 0 | 1 | 1 | 0 | 5 | 122 | 122.00 | 0 | 0 |
History - Ancient History | 0 | 0 | 1 | 0 | -5 | 0.00 | 0 | 0 | |
Science - Other Science | 0 | 0 | 2 | 0 | -10 | 0.00 | 0 | 0 |